000 005060000a22001810004500
020 _a84-206-2610-4
041 0 _aSPA
082 0 4 _aG 410 C5482c
100 1 _aChomsky, Noam
245 1 0 _aEl conocimiento del lenguaje : Su naturaleza, origen y uso / Noam Chomsky; Eduardo Bustos, Traductor
260 _aMadrid, España : Alianza
300 _a325 Pag
001 4676
942 _cBK
999 _c35241
_d35241
336 _atexto
_btxt
_2rdacontent
337 _2rdamedia
_asin mediación
_bn
338 _2rdacarrier
_avolumen
_bnc